League of Legends World Cup Winners (2024) - Statistics

General Stats
  • This quiz has been taken 14 times
  • The average score is 13 of 14
Answer Stats
Year Winning Team % Correct
2022 DRX
100%
2021 Edward Gaming
100%
2011 Fnatic
100%
2013 SK Telecom T1
100%
2015 SK Telecom T1
100%
2016 SK Telecom T1
100%
2023 T1
100%
2024 T1
100%
2020 Damwon Gaming
92%
2019 FunPlus Phoenix
92%
2018 Invictus Gaming
92%
2017 Samsung Galaxy
92%
2014 Samsung Galaxy White
92%
2012 Taipei Assassins
77%
No matching quizzes found
Score Distribution
Percent of People with Each Score
Percentile by Number Answered
Your Score History
You have not taken this quiz